Gua̕ del dictm̀en de Seguro Social

Detalles Bibliográficos
Autor Corporativo: Instituto Mexicano de Contadores Pb︢licos
Formato: eBook
Lenguaje:español
Publicado: [Mx̌ico] : Instituto Mexicano de Contadores Pb︢licos, 2004.
Materias:
Acceso en línea:Acceso restringido

MARC

LEADER 00000nam a22000007a 4500
005 20110923121158.0
008 110923s2004 mx |||||s|||| 00||0 spa d
020 |a 970-665-179-9 
035 |a 5396 
040 |a vLex 
090 |c 2552  |d 2552 
245 0 0 |a Gua̕ del dictm̀en de Seguro Social  |h [Recurso electrn̤ico]  
256 |a Servicio en ln̕ea. 
260 |a [Mx̌ico] :  |b Instituto Mexicano de Contadores Pb︢licos,  |c 2004. 
300 |a 1 recurso electrn̤ico 
506 1 |a Contenido solo disponible en los productos indicados  |d vLex Global  |d vLex Global (Academic Edition, excluding Law Schools)  |d vLex Global (U.S. Academic Edition, Law Schools)  |d vLex Global (U.S. Academic Edition, excluding Law Schools)  |d vLex Global (Academic Edition, Law Schools) 
650 0 4 |a Seguros  |z Mx̌ico 
710 2 |a Instituto Mexicano de Contadores Pb︢licos 
740 0 |a vLex Libros (Servicio en ln̕ea) 
856 4 0 |u http://vlex.com/source/guia-dictamen-seguro-social-5396  |z Acceso restringido 
942 |c BOOK